Autistes célèbres en images - Statistiques

Statistiques générales
  • Ce quiz a été pris 37 fois
  • Le résultat moyen est 8 sur 16
Statistiques - réponses
Par images Réponse % Correct
Albert Einstein
94%
Eminem
83%
Marie Curie
83%
Lionel Messi
80%
Greta Thunberg
77%
Mozart
74%
Bill Gates
69%
Ludwig van Beethoven
69%
Laura Laune
49%
Susan Boyle
46%
Isaac Newton
31%
Daniel Tammet
11%
Josef Schovanec
11%
Temple Grandin
9%
Alexander Graham Bell
3%
Satoshi Tajiri
3%
Aucun quiz correspondant
Distribution des résultats
% des personnes avec chaque résultat
Percentile par nombre de réponses
Votre historique - résultats
Vous n’avez pas pris ce quiz